<?xml version="1.0" encoding="UTF-8"?>
<record
    xmlns:xsi="http://www.w3.org/2001/XMLSchema-instance"
    xsi:schemaLocation="http://www.loc.gov/MARC21/slim http://www.loc.gov/standards/marcxml/schema/MARC21slim.xsd"
    xmlns="http://www.loc.gov/MARC21/slim">

  <leader>01463nam a22002177a 4500</leader>
  <datafield tag="952" ind1=" " ind2=" ">
    <subfield code="0">0</subfield>
    <subfield code="1">0</subfield>
    <subfield code="2">lcc</subfield>
    <subfield code="4">0</subfield>
    <subfield code="7">0</subfield>
    <subfield code="a">20</subfield>
    <subfield code="b">20</subfield>
    <subfield code="d">2013-03-09</subfield>
    <subfield code="l">26</subfield>
    <subfield code="m">10</subfield>
    <subfield code="o">PH3281.H6 L45</subfield>
    <subfield code="p">20 001471</subfield>
    <subfield code="q">2025-05-23</subfield>
    <subfield code="r">2025-05-07</subfield>
    <subfield code="s">2025-05-07</subfield>
    <subfield code="t">1</subfield>
    <subfield code="w">2013-03-09</subfield>
    <subfield code="y">LB</subfield>
  </datafield>
  <datafield tag="952" ind1=" " ind2=" ">
    <subfield code="0">0</subfield>
    <subfield code="1">0</subfield>
    <subfield code="2">lcc</subfield>
    <subfield code="4">0</subfield>
    <subfield code="7">0</subfield>
    <subfield code="a">08</subfield>
    <subfield code="b">08</subfield>
    <subfield code="d">2016-07-07</subfield>
    <subfield code="l">17</subfield>
    <subfield code="m">2</subfield>
    <subfield code="o">PH3281 H6 L63 2016</subfield>
    <subfield code="p">08 003520</subfield>
    <subfield code="r">2018-07-18</subfield>
    <subfield code="s">2018-02-24</subfield>
    <subfield code="t">1</subfield>
    <subfield code="w">2016-07-07</subfield>
    <subfield code="y">LB</subfield>
  </datafield>
  <datafield tag="999" ind1=" " ind2=" ">
    <subfield code="c">89100</subfield>
    <subfield code="d">89100</subfield>
  </datafield>
  <controlfield tag="008">130309t2003    mx ||||| |||| 00| 0 spa d</controlfield>
  <datafield tag="020" ind1=" " ind2=" ">
    <subfield code="a">9681310101</subfield>
  </datafield>
  <datafield tag="050" ind1=" " ind2=" ">
    <subfield code="a">PH3281.H6</subfield>
    <subfield code="b">L45</subfield>
  </datafield>
  <datafield tag="100" ind1=" " ind2=" ">
    <subfield code="a">Lengyel, Olga</subfield>
    <subfield code="e">autor</subfield>
  </datafield>
  <datafield tag="245" ind1=" " ind2=" ">
    <subfield code="a">Los hornos de Hitler</subfield>
    <subfield code="c"> / Olga Lengyel</subfield>
  </datafield>
  <datafield tag="260" ind1=" " ind2=" ">
    <subfield code="a">M&#xE9;xico</subfield>
    <subfield code="b"> : Diana</subfield>
    <subfield code="c"> , 2003</subfield>
  </datafield>
  <datafield tag="300" ind1=" " ind2=" ">
    <subfield code="a">265 p&#xE1;ginas</subfield>
  </datafield>
  <datafield tag="500" ind1=" " ind2=" ">
    <subfield code="a">Incluye:
Reconocimientos
Dedicatoria
&#xCD;ndice de contenido
Vocabulario</subfield>
  </datafield>
  <datafield tag="505" ind1=" " ind2=" ">
    <subfield code="a">8 caballos... o 96 hombres, mujeres y ni&#xF1;os
La llegada
La barraca 26
Las primeras impresiones
La llamada a lista y las selecciones
El campamento
Una proposici&#xF3;n en Auschwitz
Soy condenada a muerte
La enfermer&#xED;a
Un nuevo motivo para vivir
"Canad&#xE1;"
El dep&#xF3;sito de cad&#xE1;veres
El "&#xE1;ngel de la muerte" contra el "gran seleccionador"
Organizaci&#xF3;n
Nacimientos malditos
Algunos detalles de la vida detr&#xE1;s de las alambradas
Los m&#xE9;todos y su insensatez
Nuestras vidas privadas
Las bestias de Auschwitz
La resistencia
"&#xA1;Paris ha sido liberado!"
Experimentos cient&#xED;ficos
Amor a la sombra del crematorio
En el carro de la muerte
En el umbral de lo desconocido
La libertad
Todav&#xED;a tengo fe</subfield>
  </datafield>
  <datafield tag="519" ind1=" " ind2=" ">
    <subfield code="a">Material complementario / </subfield>
    <subfield code="d">(08 003520)</subfield>
  </datafield>
  <datafield tag="519" ind1=" " ind2=" ">
    <subfield code="a">Material complementario / </subfield>
    <subfield code="d">(20 001471)</subfield>
  </datafield>
  <datafield tag="650" ind1=" " ind2="0">
    <subfield code="a">LITERATURA CL&#xC1;SICA</subfield>
  </datafield>
  <datafield tag="650" ind1=" " ind2="0">
    <subfield code="a">LITERATURA</subfield>
    <subfield code="x">NOVELA</subfield>
    <subfield code="x">GUERRA MUNDIAL</subfield>
    <subfield code="y">1939-1945</subfield>
  </datafield>
  <datafield tag="942" ind1=" " ind2=" ">
    <subfield code="c">LB</subfield>
  </datafield>
</record>
